Description and requisite tables for an instrument called the land-surveyor, invented by Edward Hewlings, .. (Record no. 113582)

MARC details
000 -LEADER
fixed length control field 00782cam a22001935a 4500
001 - CONTROL NUMBER
control field L155469
008 - FIXED-LENGTH DATA ELEMENTS--GENERAL INFORMATION
fixed length control field 120326s1801 xxk f 000 0 eng d
035 ## - SYSTEM CONTROL NUMBER
System control number (Sirsi) u155469
041 0# - LANGUAGE CODE
Language code of text/sound track or separate title eng
100 1# - MAIN ENTRY--PERSONAL NAME
Personal name Hewlings, Edward
245 00 - TITLE STATEMENT
Title Description and requisite tables for an instrument called the land-surveyor, invented by Edward Hewlings, ..
260 ## - PUBLICATION, DISTRIBUTION, ETC.
Place of publication, distribution, etc. London
Name of publisher, distributor, etc. printed, at the Oriental Press, by Wilson & Co. for J. Booth
Date of publication, distribution, etc. 1801
300 ## - PHYSICAL DESCRIPTION
Extent 28, [40] p.
Dimensions 27cm.
-- 4o
520 ## - SUMMARY, ETC.
Summary, etc. Some of the tables at end of text are printed on one side of the page only. - p.1-28 and tables I-VIII are printed on pages of variant height.
583 ## - ACTION NOTE
Action Condition reviewed
Time/date of action 20120620
Status condition level 2
651 #4 - SUBJECT ADDED ENTRY--GEOGRAPHIC NAME
Geographic name Great Britain
Chronological subdivision 1707-
690 ## - LOCAL SUBJECT ADDED ENTRY--TOPICAL TERM (OCLC, RLIN)
Topical term or geographic name as entry element Measurement
9 (RLIN) 6256
942 ## - ADDED ENTRY ELEMENTS (KOHA)
Suppress in OPAC 0
Holdings
Withdrawn status Lost status Source of classification or shelving scheme Damaged status Not for loan Home library Current library Shelving location Date acquired Total Checkouts Full call number Barcode Date last seen Copy number Price effective from Koha item type
    Dewey Decimal Classification     Historic collection Historic collection Historic collection 26/03/2012   OCTAVO 1801 HEWLINGS 30075379 06/08/2019 1 06/08/2019 Book